Polskie seriale z czasów PRL - quiz obrazkowy. - Statystyki

Ogólne statystyki
  • Ten quiz został rozwiązany 244 razy
  • Średni wynik to 12 z 20
Statystyki odpowiedzi
Obrazkowy Odpowiedź % Poprawnych
Janosik
94%
Czterej pancerni i pies
93%
07 zgłoś się
82%
Alternatywy 4
79%
Czterdziestolatek
76%
Stawka większa niż życie
75%
Lalka
70%
Zmiennicy
69%
Chłopi
65%
Noce i dnie
64%
Daleko od szosy
60%
Czarne chmury
51%
Dom
51%
Kariera Nikodema Dyzmy
49%
Jan Serce
47%
Wojna domowa
46%
Nad Niemnem
45%
Siedem życzeń
38%
Polskie drogi
30%
Rodzina Połanieckich
30%
Nie znaleziono quizów pasujących do podanych kryteriów
Rozkład punktacji
Procent ludzi z każdym wynikiem
Percentyl według liczby udzielonych odpowiedzi
Twoja historia wyników
Nie rozwiązałeś tego quizu